Max Weber Encyklopedické heslo

Bibliographic Details
Main Author: Novosád, František, 1948 jún 4.- (Author)
Format: Article
Language:Slovak
PhysicalDescription:Fotogr.
ISSN:1335-1710
Subjects:

MARC

LEADER 00000nab a2200000 a 4500
001 vtls000678091
003 SK-MaSNL
005 20260304093730.0
008 250425c1998 xo 0 slo
015 |a SNBRB1998/11-30179 
035 |a CLN000030260 
035 |a urn:nbn:sk:snk-abf3by 
035 |a (urnnbn)urn:nbn:sk:snk:ar-a09noj 
035 |a (uuid)2c83892e-5ca6-4782-ae90-2266c93084fc 
040 |a SNKBUCL  |b slo  |c SNKBUCL  |e AACR2 
041 0 |a slo 
044 |a xo  |c SK 
080 |a 301-051(430)  |2 1997 
080 |a 929 Weber, Max  |2 1997 
100 1 |a Novosád, František,  |d 1948 jún 4.-  |4 aut  |9 98325 
245 1 0 |a Max Weber Encyklopedické heslo  |c František Novosád 
246 1 1 |a Max Weber A profile 
300 |b Fotogr. 
500 |a Súbežný názov a text v angl. 
600 1 7 |a Weber, Max,  |d 1864-1920  |2 snkbucl  |9 116021 
655 7 |a články z novín a časopisov  |2 snkbucl  |9 267496 
773 0 |t Kritika & Kontext  |g Roč. 3, č. 2 (1998), s. 52-54  |x 1335-1710 
850 |a Slovenská národná knižnica 
852 |a Slovenská národná knižnica 
954 |a odborná, vedecká literatúra pôvodná (slovenská)  |2 lita 
958 |a article2022 
958 |a DE 
958 |a BC 
958 |a OND 
958 |a EUIPO 
999 |c 2824374  |d 2826304